KOHA-Header-6

IBM Dictionary of Computing (Record no. 6940)

000 -LEADER
fixed length control field 00261nam a2200109Ia 4500
100 ## - MAIN ENTRY--AUTHOR NAME
Personal name Mcdaniel,George
245 #0 - TITLE STATEMENT
Title IBM Dictionary of Computing
260 ## - PUBLICATION, DISTRIBUTION, ETC. (IMPRINT)
Place of publication USA
Name of publisher Mc Graw Hill
Year of publication 1994
300 ## - PHYSICAL DESCRIPTION
Number of Pages 758
942 ## - ADDED ENTRY ELEMENTS (KOHA)
Koha item type Books
Holdings
Withdrawn status Lost status Collection code Permanent Location Current Location Shelving location Date acquired Full call number Accession Number Koha item type
    Dictionaries MAJU MAJU Shelf No.B28 2019-09-11 5.445 475 DICTIONARY

Powered by Koha